<?xml version="1.0" encoding="UTF-8"?>
<record
    xmlns:xsi="http://www.w3.org/2001/XMLSchema-instance"
    xsi:schemaLocation="http://www.loc.gov/MARC21/slim http://www.loc.gov/standards/marcxml/schema/MARC21slim.xsd"
    xmlns="http://www.loc.gov/MARC21/slim">

  <leader>00477nam a22001697a 4500</leader>
  <controlfield tag="003">OSt</controlfield>
  <controlfield tag="005">20250310130232.0</controlfield>
  <controlfield tag="008">250310b        |||||||| |||| 00| 0 eng d</controlfield>
  <datafield tag="020" ind1=" " ind2=" ">
    <subfield code="a">9789386858948</subfield>
  </datafield>
  <datafield tag="040" ind1=" " ind2=" ">
    <subfield code="c">IIMT University</subfield>
  </datafield>
  <datafield tag="100" ind1=" " ind2=" ">
    <subfield code="a">Menezes, Bernard L.and Kumar, Ravinder</subfield>
  </datafield>
  <datafield tag="245" ind1=" " ind2=" ">
    <subfield code="a">Cryptography, Network Security and Cyber Laws</subfield>
  </datafield>
  <datafield tag="250" ind1=" " ind2=" ">
    <subfield code="a">05th ed.</subfield>
  </datafield>
  <datafield tag="260" ind1=" " ind2=" ">
    <subfield code="a">New Delhi</subfield>
    <subfield code="b">Cengage Learning India Pvt. Ltd.</subfield>
    <subfield code="c">2024</subfield>
  </datafield>
  <datafield tag="300" ind1=" " ind2=" ">
    <subfield code="a">488</subfield>
  </datafield>
  <datafield tag="942" ind1=" " ind2=" ">
    <subfield code="2">ddc</subfield>
    <subfield code="c">02</subfield>
    <subfield code="e">05th ed.</subfield>
  </datafield>
  <datafield tag="999" ind1=" " ind2=" ">
    <subfield code="c">65318</subfield>
    <subfield code="d">65318</subfield>
  </datafield>
  <datafield tag="952" ind1=" " ind2=" ">
    <subfield code="0">0</subfield>
    <subfield code="1">0</subfield>
    <subfield code="2">ddc</subfield>
    <subfield code="4">0</subfield>
    <subfield code="7">0</subfield>
    <subfield code="a">01</subfield>
    <subfield code="b">01</subfield>
    <subfield code="d">2025-03-10</subfield>
    <subfield code="e">Savera Book Distributor</subfield>
    <subfield code="g">575.00</subfield>
    <subfield code="i">24-25/CRB/988</subfield>
    <subfield code="l">1</subfield>
    <subfield code="p">01-B-144038</subfield>
    <subfield code="r">2025-09-13</subfield>
    <subfield code="s">2025-09-13</subfield>
    <subfield code="u">COMPUTER SCIENCE</subfield>
    <subfield code="w">2025-03-10</subfield>
    <subfield code="y">01</subfield>
  </datafield>
  <datafield tag="952" ind1=" " ind2=" ">
    <subfield code="0">0</subfield>
    <subfield code="1">0</subfield>
    <subfield code="2">ddc</subfield>
    <subfield code="4">0</subfield>
    <subfield code="7">0</subfield>
    <subfield code="a">01</subfield>
    <subfield code="b">01</subfield>
    <subfield code="d">2025-03-10</subfield>
    <subfield code="e">Savera Book Distributor</subfield>
    <subfield code="g">575.00</subfield>
    <subfield code="i">24-25/CRB/988</subfield>
    <subfield code="p">01-B-144039</subfield>
    <subfield code="r">2025-03-10</subfield>
    <subfield code="u">COMPUTER SCIENCE</subfield>
    <subfield code="w">2025-03-10</subfield>
    <subfield code="y">02</subfield>
  </datafield>
  <datafield tag="952" ind1=" " ind2=" ">
    <subfield code="0">0</subfield>
    <subfield code="1">0</subfield>
    <subfield code="2">ddc</subfield>
    <subfield code="4">0</subfield>
    <subfield code="7">0</subfield>
    <subfield code="a">01</subfield>
    <subfield code="b">01</subfield>
    <subfield code="d">2025-03-10</subfield>
    <subfield code="e">Savera Book Distributor</subfield>
    <subfield code="g">575.00</subfield>
    <subfield code="i">24-25/CRB/988</subfield>
    <subfield code="l">2</subfield>
    <subfield code="p">01-B-144040</subfield>
    <subfield code="r">2025-09-20</subfield>
    <subfield code="s">2025-09-19</subfield>
    <subfield code="u">COMPUTER SCIENCE</subfield>
    <subfield code="w">2025-03-10</subfield>
    <subfield code="y">02</subfield>
  </datafield>
  <datafield tag="952" ind1=" " ind2=" ">
    <subfield code="0">0</subfield>
    <subfield code="1">0</subfield>
    <subfield code="2">ddc</subfield>
    <subfield code="4">0</subfield>
    <subfield code="7">0</subfield>
    <subfield code="a">01</subfield>
    <subfield code="b">01</subfield>
    <subfield code="d">2025-03-10</subfield>
    <subfield code="e">Savera Book Distributor</subfield>
    <subfield code="g">575.00</subfield>
    <subfield code="i">24-25/CRB/988</subfield>
    <subfield code="l">1</subfield>
    <subfield code="p">01-B-144041</subfield>
    <subfield code="r">2025-10-30</subfield>
    <subfield code="s">2025-10-13</subfield>
    <subfield code="u">COMPUTER SCIENCE</subfield>
    <subfield code="w">2025-03-10</subfield>
    <subfield code="y">02</subfield>
  </datafield>
  <datafield tag="952" ind1=" " ind2=" ">
    <subfield code="0">0</subfield>
    <subfield code="1">0</subfield>
    <subfield code="2">ddc</subfield>
    <subfield code="4">0</subfield>
    <subfield code="7">0</subfield>
    <subfield code="a">01</subfield>
    <subfield code="b">01</subfield>
    <subfield code="d">2025-03-10</subfield>
    <subfield code="e">Savera Book Distributor</subfield>
    <subfield code="g">575.00</subfield>
    <subfield code="i">24-25/CRB/988</subfield>
    <subfield code="p">01-B-144042</subfield>
    <subfield code="r">2025-03-10</subfield>
    <subfield code="u">COMPUTER SCIENCE</subfield>
    <subfield code="w">2025-03-10</subfield>
    <subfield code="y">02</subfield>
  </datafield>
  <datafield tag="952" ind1=" " ind2=" ">
    <subfield code="0">0</subfield>
    <subfield code="1">0</subfield>
    <subfield code="2">ddc</subfield>
    <subfield code="4">0</subfield>
    <subfield code="7">0</subfield>
    <subfield code="a">01</subfield>
    <subfield code="b">01</subfield>
    <subfield code="d">2025-03-10</subfield>
    <subfield code="e">Savera Book Distributor</subfield>
    <subfield code="g">575.00</subfield>
    <subfield code="i">24-25/CRB/988</subfield>
    <subfield code="l">1</subfield>
    <subfield code="p">01-B-144043</subfield>
    <subfield code="r">2026-01-16</subfield>
    <subfield code="s">2025-09-23</subfield>
    <subfield code="u">COMPUTER SCIENCE</subfield>
    <subfield code="w">2025-03-10</subfield>
    <subfield code="y">02</subfield>
  </datafield>
  <datafield tag="952" ind1=" " ind2=" ">
    <subfield code="0">0</subfield>
    <subfield code="1">0</subfield>
    <subfield code="2">ddc</subfield>
    <subfield code="4">0</subfield>
    <subfield code="7">0</subfield>
    <subfield code="a">01</subfield>
    <subfield code="b">01</subfield>
    <subfield code="d">2025-03-10</subfield>
    <subfield code="e">Savera Book Distributor</subfield>
    <subfield code="g">575.00</subfield>
    <subfield code="i">24-25/CRB/988</subfield>
    <subfield code="l">1</subfield>
    <subfield code="p">01-B-144044</subfield>
    <subfield code="r">2026-02-12</subfield>
    <subfield code="s">2025-10-17</subfield>
    <subfield code="u">COMPUTER SCIENCE</subfield>
    <subfield code="w">2025-03-10</subfield>
    <subfield code="y">02</subfield>
  </datafield>
  <datafield tag="952" ind1=" " ind2=" ">
    <subfield code="0">0</subfield>
    <subfield code="1">0</subfield>
    <subfield code="2">ddc</subfield>
    <subfield code="4">0</subfield>
    <subfield code="7">0</subfield>
    <subfield code="a">01</subfield>
    <subfield code="b">01</subfield>
    <subfield code="d">2025-03-10</subfield>
    <subfield code="e">Savera Book Distributor</subfield>
    <subfield code="g">575.00</subfield>
    <subfield code="i">24-25/CRB/988</subfield>
    <subfield code="p">01-B-144045</subfield>
    <subfield code="r">2025-03-10</subfield>
    <subfield code="u">COMPUTER SCIENCE</subfield>
    <subfield code="w">2025-03-10</subfield>
    <subfield code="y">02</subfield>
  </datafield>
  <datafield tag="952" ind1=" " ind2=" ">
    <subfield code="0">0</subfield>
    <subfield code="1">0</subfield>
    <subfield code="2">ddc</subfield>
    <subfield code="4">0</subfield>
    <subfield code="7">0</subfield>
    <subfield code="a">01</subfield>
    <subfield code="b">01</subfield>
    <subfield code="d">2025-03-10</subfield>
    <subfield code="e">Savera Book Distributor</subfield>
    <subfield code="g">575.00</subfield>
    <subfield code="i">24-25/CRB/988</subfield>
    <subfield code="p">01-B-144046</subfield>
    <subfield code="r">2025-03-10</subfield>
    <subfield code="u">COMPUTER SCIENCE</subfield>
    <subfield code="w">2025-03-10</subfield>
    <subfield code="y">02</subfield>
  </datafield>
  <datafield tag="952" ind1=" " ind2=" ">
    <subfield code="0">0</subfield>
    <subfield code="1">0</subfield>
    <subfield code="2">ddc</subfield>
    <subfield code="4">0</subfield>
    <subfield code="7">0</subfield>
    <subfield code="a">01</subfield>
    <subfield code="b">01</subfield>
    <subfield code="d">2025-03-10</subfield>
    <subfield code="e">Savera Book Distributor</subfield>
    <subfield code="g">575.00</subfield>
    <subfield code="i">24-25/CRB/988</subfield>
    <subfield code="p">01-B-144047</subfield>
    <subfield code="r">2025-03-10</subfield>
    <subfield code="u">COMPUTER SCIENCE</subfield>
    <subfield code="w">2025-03-10</subfield>
    <subfield code="y">02</subfield>
  </datafield>
</record>
